Elementi con maggiore Energia di prima ionizzazione - Statistics

Statistiche generali
  • Questo quiz è stato fatto 4 volte
  • Il punteggio medio è 11 su 15
Statistiche sulle risposte
KJ/mol Elemento % Corretto
1524 Argon
100%
1251 Cloro
100%
2372 Elio
100%
1012 Fosforo
100%
1008 Iodio
100%
2081 Neon
100%
1402 Azoto
67%
1086 Carbonio
67%
1681 Fluoro
67%
1312 Idrogeno
67%
1314 Ossigeno
67%
1170 Xenon
67%
1351 Kripton
33%
1037 Radon
33%
1140 Bromo
0%
Nessun quiz corrispondente trovato
Distribuzione punteggi
Percentuale di utenti per punteggio
Percentile per numero di risposta
I tuoi punteggi nel tempo
Non hai fatto questo quiz